| 000 | 00364 a2200157 4500 | ||
|---|---|---|---|
| 001 | 151288 | ||
| 040 | _cEscola São Tomás de Aquino | ||
| 100 | _aVERISSIMO, Erico | ||
| 240 | 1 | 0 |
_aA vida do elefante Basílio _lpor |
| 245 | 1 | 0 | _aA vida do elefante Basílio |
| 300 | _a47 | ||
| 362 | 0 | _a1992 | |
| 440 | 1 | _aGlobo | |
| 697 | _a*LITERATURA INFANTO | ||
| 942 | _cBK | ||
| 999 |
_c151288 _d151288 |
||